000 00502nam a2200181Ia 4500
001 8577
003 GE_BSU
008 181216s||||||||xx |||||||||||||| ||und||
040 _cGE_BSU
245 _aВрач. №11. 2013.Ноябрь
245 _bЕжемесячн. научно-практич. и публицистич. журнал
245 _cГл.ред. И.Н. Денисов
260 _aМосква
260 _c2013
300 _a88стр.29см.
653 _aВрач
942 _cCR
999 _c41893
_d41893